Statistics for ACF Fiorentina Squad 2022-2023

Click here to take the quiz!

General Stats

  • This quiz has been taken 119 times
    (90 since last reset)
  • The average score is 22 of 31

Answer Stats

#PositionNationPlayer% Correct
34MFMoroccoSofyan Amrabat
95%
4DFSerbiaNikola Milenković
92%
7FWSerbiaLuka Jović
91%
9FWBrazilArthur Cabral
89%
5MFItalyGiacomo Bonaventura
88%
1GKItalyPietro Terracciano
86%
11FWFranceJonathan Ikoné
83%
22FWArgentinaNicolás González
83%
2DFBrazilDodô
82%
72MFCzech RepublicAntonín Barák
80%
-CoachItalyVincenzo Italiano
79%
3DFItalyCristiano Biraghi
77%
28DFArgentinaLucas Martínez Quarta
77%
32MFGhanaAlfred Duncan
76%
99FWIvory CoastChristian Kouamé
76%
98DFBrazilIgor
76%
10MFItalyGaetano Castrovilli
71%
56GKItalySalvatore Sirigu
71%
95GKItalyPierluigi Gollini
68%
77FWCroatiaJosip Brekalo
65%
33FWItalyRiccardo Sottil
64%
23DFItalyLorenzo Venuti
58%
14MFMoroccoYoussef Maleh
58%
15DFSerbiaAleksa Terzić
56%
8MFItalyRiccardo Saponara
55%
27MFPolandSzymon Żurkowski
55%
38MFItalyRolando Mandragora
53%
16DFItalyLuca Ranieri
45%
31GKItalyMichele Cerofolini
42%
42MFItalyAlessandro Bianco
33%
24MFItalyMarco Benassi
27%

Score Distribution

Percentile by Number Answered

Percent of People with Each Score

Your Score History

You have not taken this quiz since the last reset